000 00535nam a2200229Ia 4500
001 093500
003 YMCAF
005 20230512161909.0
008 100717s2007 ||||||||||||||||| ||und|d
024 _a93500
035 _a32958
040 _aYMCAF
_beng
_cIN-KoLT
041 _aeng
082 _a519.2
_bPAP
100 _aPapoulis, Athanasios
245 0 _aProbability, random variables and stochastic processes
250 _a4th
260 _bTMH
_c2007
300 _a852
653 _aPillai, S Unnikrishna
942 _2ddc
_cBK
999 _c9914
_d9914